UBT Library

General organic and biochemistry: (Record no. 2330)

000 -LEADER
fixed length control field 00337nam a22001217a 4500
008 - FIXED-LENGTH DATA ELEMENTS--GENERAL INFORMATION
fixed length control field 160520b xxu||||| |||| 00| 0 eng d
020 ## - INTERNATIONAL STANDARD BOOK NUMBER
International Standard Book Number 9780072920031
020 ## - INTERNATIONAL STANDARD BOOK NUMBER
International Standard Book Number 0072920033
041 ## - LANGUAGE CODE
Language code of text/sound track or separate title eng
080 ## - UNIVERSAL DECIMAL CLASSIFICATION NUMBER
Universal Decimal Classification number 577
245 ## - TITLE STATEMENT
Title General organic and biochemistry:
Statement of responsibility, etc Katherine J. Denniston; Joseph J.Topping; Robert L. Caret;
942 ## - ADDED ENTRY ELEMENTS (KOHA)
Source of classification or shelving scheme
Item type Books
Holdings
Withdrawn status Lost status Source of classification or shelving scheme Damaged status Not for loan Collection code Permanent location Current location Shelving location Date acquired Total Checkouts Full call number Barcode Date last seen Price effective from Koha item type
          Koleksioni i përgjithshem UBT - Lipjan UBT - Lipjan Koleksioni i përgjithshem 05/20/2016   577 DENN 002035695 05/20/2016 05/20/2016 Books
UBT Library © 2015-2024. All rights reserved University Education for Business and Technology